<?xml version="1.0" encoding="UTF-8"?><marc:collection xmlns:marc="http://www.loc.gov/MARC21/slim">
  <marc:record>
    <marc:leader>00000nam  2200000za 4500</marc:leader>
    <marc:controlfield tag="001">9.639996</marc:controlfield>
    <marc:controlfield tag="003">CaOODSP</marc:controlfield>
    <marc:controlfield tag="005">20210624222442</marc:controlfield>
    <marc:controlfield tag="007">cr |||||||||||</marc:controlfield>
    <marc:controlfield tag="008">150407|2007||||xxc|||||o    f|0| 0 fre d</marc:controlfield>
    <marc:datafield tag="040" ind1=" " ind2=" ">
      <marc:subfield code="a">CaOODSP</marc:subfield>
      <marc:subfield code="b">fre</marc:subfield>
    </marc:datafield>
    <marc:datafield tag="043" ind1=" " ind2=" ">
      <marc:subfield code="a">n-cn---</marc:subfield>
    </marc:datafield>
    <marc:datafield tag="086" ind1="1" ind2=" ">
      <marc:subfield code="a">CS98-1861/1F-PDF</marc:subfield>
      <marc:subfield code="z">CS98-1861(F)</marc:subfield>
    </marc:datafield>
    <marc:datafield tag="110" ind1="1" ind2=" ">
      <marc:subfield code="a">Canada.</marc:subfield>
      <marc:subfield code="b">Bureau d'enregistrement et de statistiques.</marc:subfield>
    </marc:datafield>
    <marc:datafield tag="245" ind1="1" ind2="0">
      <marc:subfield code="a">Recensement des Canadas, 1860-61. Vol. I, : </marc:subfield>
      <marc:subfield code="h">[ressource électronique] </marc:subfield>
      <marc:subfield code="b">Recensement personnel </marc:subfield>
    </marc:datafield>
    <marc:datafield tag="246" ind1="1" ind2="5">
      <marc:subfield code="a">Appendices au rapport du Bureau d'enregistrement et de statistique. Recensement personnel, 1861</marc:subfield>
    </marc:datafield>
    <marc:datafield tag="260" ind1=" " ind2=" ">
      <marc:subfield code="a">Québec - Québec : </marc:subfield>
      <marc:subfield code="b">Bureau d'enregistrement et de statistiques </marc:subfield>
      <marc:subfield code="c">1863, numérisé [200-?].</marc:subfield>
    </marc:datafield>
    <marc:datafield tag="300" ind1=" " ind2=" ">
      <marc:subfield code="a">638p.</marc:subfield>
      <marc:subfield code="b">tableaux</marc:subfield>
    </marc:datafield>
    <marc:datafield tag="590" ind1=" " ind2=" ">
      <marc:subfield code="a">15-01-Supp</marc:subfield>
      <marc:subfield code="b">2015-01-26</marc:subfield>
    </marc:datafield>
    <marc:datafield tag="775" ind1="0" ind2="8">
      <marc:subfield code="t">Census of the Canadas, 1860-61. Vol. I, : </marc:subfield>
      <marc:subfield code="w">(CaOODSP)9.695875</marc:subfield>
    </marc:datafield>
    <marc:datafield tag="856" ind1="4" ind2="0">
      <marc:subfield code="a">http://publications.gc.ca</marc:subfield>
      <marc:subfield code="q">PDF</marc:subfield>
      <marc:subfield code="s">336.75 Mo</marc:subfield>
      <marc:subfield code="u">https://publications.gc.ca/collections/collection_2012/statcan/rh-hc/CS98-1861-1-fra.pdf</marc:subfield>
    </marc:datafield>
  </marc:record>
</marc:collection>
